| 000 | 01013nam a2200241 a 4500 | ||
|---|---|---|---|
| 001 | 65266 | ||
| 003 | BD-RjUL | ||
| 005 | 20211209081414.0 | ||
| 008 | 170302s1997 bg a|||| b||| 00| 0 ben d | ||
| 020 | _a9840735810 | ||
| 035 | _a(BD-RjUL)65396 | ||
| 040 |
_aBD-RjUL _bben _cBD-RjUL _dBD-RjUL |
||
| 041 | _aben | ||
| 082 |
_223 _a782.4209 _bHUM 1997 |
||
| 100 |
_aহক, খোন্দকার রিয়াজুল _9117919 |
||
| 245 | 1 | 0 |
_aমরমী কবি খোদা বকশ শাহ : _bজীবন ও সঙ্গীত / _cখোন্দকার রিয়াজুল হক |
| 260 |
_aঢাকা : _bবাংলা একাডেমী, _c১৯৯৭ |
||
| 300 |
_a২৫৫ পৃ. : _bচিত্র ; _c২৩ সেমি |
||
| 504 | _aগ্রন্থপঞ্জি সংযুক্ত | ||
| 650 |
_aলালন সঙ্গীত _xইতিহাস ও সমালোচনা _9146389 |
||
| 650 |
_aFolk sons _xHistory and Criticism _9146390 |
||
| 942 |
_2ddc _cBK |
||
| 999 |
_c65266 _d65266 |
||